00522nam a2200157Ia 4500008004100000040001900041041001200060082004000072100002000112245005400132260004700186300003500233504005000268650003600318850001000354131103s9999 xx 000 0 und d aLoreto College aEnglish a332.401/HANbLCLIB/(withdrawn 2010) aHansen,Alvin H. aMonetary theory and fiscal policycAlvin H.Hansen aNew YorkbMcGraw - Hill Book Companyc1949 aix,236 p.b ill.,fig.c 24 cm. aIncludes bibliographical references and index aEconomics - Financial Economics aLCLIB